Kanina /
¿Qué se esconde detrás de una tía que avanza con el hocico levantado, olfateando el camino y saludando a cada perro que se le cruza? Arturo, su sobrino, es el único que lo descubre y puede contarlo. Por eso, solo él puede salir en su ayuda cuando su tía Karina y todos los perros del mundo peligran....
Guardado en:
| Autor Principal: | |
|---|---|
| Otros Autores: | |
| Formato: | Libro |
| Idioma: | Undetermined |
| Publicado: |
Madrid :
SM,
2016.
|
| Series: | El barco de vapor. Naranja ;
35 |
| Materias: | |
| Etiquetas: |
Agregar Etiqueta
Sin Etiquetas, Sea el primero en etiquetar este registro!
|
| LEADER | 01062nam a22002175a 4500 | ||
|---|---|---|---|
| 001 | CEM.cems019775 | ||
| 008 | 221018s2016####sp############000#0#und#d | ||
| 005 | 20221107085219.0 | ||
| 245 | 1 | 0 | |a Kanina / |c Liza Porcelli Piussi ; ilustraciones Pablo Pino. |
| 260 | |a Madrid : |b SM, |c 2016. | ||
| 300 | |a 112 p. ; |c 20 cm. | ||
| 490 | 1 | |a El barco de vapor. Naranja ; |v 35 | |
| 520 | |a ¿Qué se esconde detrás de una tía que avanza con el hocico levantado, olfateando el camino y saludando a cada perro que se le cruza? Arturo, su sobrino, es el único que lo descubre y puede contarlo. Por eso, solo él puede salir en su ayuda cuando su tía Karina y todos los perros del mundo peligran. Una novela de espionaje, héroes y villanos de edificio, que hasta los perros leerían si pudieran hacerlo. | ||
| 020 | |a 9789877311204 | ||
| 100 | 1 | |a Porcelli Piussi, Liza. | |
| 700 | 1 | |a Pino, Pablo; il. | |
| 082 | 0 | 4 | |a A863.4 |
| 653 | |a Literatura Infantil | ||
| 653 | |a Literatura Juvenil | ||
| 653 | |a Novela | ||
| 859 | |a CEMS |b BIB. CEMS - Inicial y Primaria |h A863.4 |i P822 |k IP |p 6363 |t Ej.1 | ||
